Central Library OPAC University of Rajshahi

Development reconsidered; bridging the gap between government and people / (Record no. 4583)

MARC details
000 -LEADER
fixed length control field 00888nam a2200289 4500
001 - CONTROL NUMBER
control field 4583
003 - CONTROL NUMBER IDENTIFIER
rucl marc code BD-RjUL
005 - DATE AND TIME OF LATEST TRANSACTION
control field 20211208233922.0
008 - FIXED-LENGTH DATA ELEMENTS--GENERAL INFORMATION
fixed length control field 131223s1972 maua bs 001 0 eng
020 ## - INTERNATIONAL STANDARD BOOK NUMBER
International Standard Book Number 0669817295
035 ## - SYSTEM CONTROL NUMBER
System control number (BD-RjUL)
040 ## - CATALOGING SOURCE
Original cataloging agency DLC
Transcribing agency DLC
Modifying agency DLC
Language of cataloging eng
041 ## - LANGUAGE CODE
Language code of text/sound track or separate title eng
082 00 - DEWEY DECIMAL CLASSIFICATION NUMBER
Classification number 338.9
Author mark and year OWD 1972
100 1# - MAIN ENTRY--PERSONAL NAME
Personal name Owens, Edgar.
9 (RLIN) 14466
245 10 - TITLE STATEMENT
Title Development reconsidered; bridging the gap between government and people /
Statement of responsibility, etc. [by] Edgar Owens and Robert Shaw.
260 ## - PUBLICATION, DISTRIBUTION, ETC. (IMPRINT)
Place of publication, distribution, etc. Lexington, Mass.,
Name of publisher, distributor, etc. Lexington Books,
Date of publication, distribution, etc. 1972
300 ## - PHYSICAL DESCRIPTION
Pagination xix, 190 p.
Illustrations illus.
Size 24 cm.
504 ## - BIBLIOGRAPHY, ETC. NOTE
Bibliography, etc Bibliography: p. 179-181.
650 #0 - SUBJECT ADDED ENTRY--TOPICAL TERM
Topical term or geographic name as entry element Economic development.
9 (RLIN) 14467
Topical term or geographic name as entry element Economic policy.
9 (RLIN) 14468
Topical term or geographic name as entry element Economic assistance, American.
9 (RLIN) 12084
700 1# - ADDED ENTRY--PERSONAL NAME
Personal name Shaw, Robert,
Relator term joint author.
942 ## - ADDED ENTRY ELEMENTS (KOHA)
Source of classification or shelving scheme Dewey Decimal Classification
Koha item type Books
Holdings
Lost status Source of classification or shelving scheme Damaged status Not for loan Collection code Permanent Location Current Location Shelving location Date acquired Source of acquisition Total Checkouts Full call number Date last seen Copy number Koha item type
  Dewey Decimal Classification   Not For Loan Non-fiction Central Library, University of Rajshahi Central Library, University of Rajshahi   06/07/1976 USIS   338.9 OWD 1972 23/12/2013 C-1 Books
  Dewey Decimal Classification     Non-fiction Central Library, University of Rajshahi Central Library, University of Rajshahi   06/07/1976 Asia Foundation   338.9 OWD 1972 06/01/2014 C-2 Books